[Event "Niedersachsen-ch U10"]
[Site "Rotenburg"]
[Date "2009.04.09"]
[Round "10"]
[White "Pfemeter, Johannes"]
[Black "Bach, Marten"]
[Result "1-0"]
[WhiteElo "934"]
[BlackElo "810"]
[PlyCount "99"]
[EventDate "2009.04.04"]
[EventType "swiss"]
[EventRounds "11"]
[EventCountry "GER"]
[SourceTitle "EXT 2010"]
[Source "ChessBase"]
[SourceDate "2010.11.25"]
[SourceVersion "1"]
[SourceVersionDate "2010.11.25"]
[SourceQuality "1"]

1. e4 e5 2. Nf3 Nc6 3. d4 d6 4. d5 Nb8 5. Bd3 Nf6 6. c4 c5 7. 0-0 Bg4 8. Bd2 b6 9. h3 Bh5 10. b4 a5 11. bxc5 bxc5 12. Na3 Na6 13. Nb5 Be7 14. Be2 0-0 15. Qa4 Qd7 16. Qxa5 Bd8 17. Qc3 Nb8 18. a4 Ba5 19. Qc2 Bxd2 20. Qxd2 Na6 21. a5 Nb4 22. Ne1 Bxe2 23. Qxe2 Ra6 24. f3 Rfa8 25. Nc2 Nxc2 26. Qxc2 Rxa5 27. Rxa5 Rxa5 28. Qc3 Ra8 29. Ra1 Rxa1+ 30. Qxa1 h6 31. Qa6 Ne8 32. Kh2 Kh7 33. Qa2 f6 34. Qf2 g5 35. g4 Qf7 36. Qg2 h5 37. Qf1 h4 38. Nc3 Kg6 39. Qf2 Nc7 40. Nb5 Ne8 41. Qf1 Qf8 42. Na7 Qf7 43. Nc6 Nc7 44. Qa1 Ne8 45. Qa8 Ng7 46. Qc8 Qe8 47. Qc7 Qf8 48. Ne7+ Kh6 49. Qxd6 Ne8 50. Nf5+ 1-0

[Event "Niedersachsen-ch U10"]
[Site "Rotenburg"]
[Date "2009.04.09"]
[Round "9"]
[White "Pfemeter, Johannes"]
[Black "Henning, Yannick"]
[Result "0-1"]
[WhiteElo "934"]
[BlackElo "988"]
[PlyCount "44"]
[EventDate "2009.04.04"]
[EventType "swiss"]
[EventRounds "11"]
[EventCountry "GER"]
[SourceTitle "EXT 2010"]
[Source "ChessBase"]
[SourceDate "2010.11.25"]
[SourceVersion "1"]
[SourceVersionDate "2010.11.25"]
[SourceQuality "1"]

1. e4 Nf6 2. Nc3 e5 3. d4 Bb4 4. Qd3 exd4 5. Qxd4 Nc6 6. Qe3 0-0 7. f3 Re8 8. Bd2 d5 9. 0-0-0 d4 10. Qe2 dxc3 11. Bxc3 Qe7 12. Bxb4 Nxb4 13. a3 Nc6 14. g4 h6 15. h4 Nd7 16. Nh3 Nde5 17. Ng1 Be6 18. Qg2 Rad8 19. Rxd8 Rxd8 20. f4 Qd7 21. Be2 Qd2+ 22. Kb1 Qe1+ 0-1

[Event "Niedersachsen-ch U10"]
[Site "Rotenburg"]
[Date "2009.04.07"]
[Round "6"]
[White "Pfemeter, Johannes"]
[Black "Stukenborg, Rudi"]
[Result "0-1"]
[WhiteElo "934"]
[BlackElo "1161"]
[PlyCount "72"]
[EventDate "2009.04.04"]
[EventType "swiss"]
[EventRounds "11"]
[EventCountry "GER"]
[SourceTitle "EXT 2010"]
[Source "ChessBase"]
[SourceDate "2010.11.25"]
[SourceVersion "1"]
[SourceVersionDate "2010.11.25"]
[SourceQuality "1"]

1. e4 d5 2. exd5 Nf6 3. d4 Bg4 4. Nf3 Qxd5 5. Nc3 Qh5 6. Be2 e6 7. h3 Nc6 8. a3 Bd6 9. Be3 Ke7 10. Qd2 Rad8 11. 0-0-0 Bxf3 12. Bxf3 Qa5 13. a4 Bb4 14. Rhe1 Bxc3 15. Qxc3 Qxa4 16. Qa3+ Qxa3 17. bxa3 Rhe8 18. Rd2 Kf8 19. Red1 Nd5 20. Bxd5 exd5 21. Re1 Na5 22. Rde2 Nc4 23. Bf4 Rxe2 24. Rxe2 Rc8 25. a4 f6 26. h4 c5 27. dxc5 Rxc5 28. Bb8 Ra5 29. Bf4 Rxa4 30. Kd1 Ra1+ 31. Bc1 a5 32. Re1 a4 33. Ke2 a3 34. Kd3 Kf7 35. Kd4 Rb1 36. Kc3 a2 0-1